XI Roku 2008 wg. Tygodnika "Piłka Nożna" (spoza Europy) - Statystyki

Ogólne statystyki
  • Ten quiz został rozwiązany 154 razy
  • Średni wynik to 7 z 11
Statystyki odpowiedzi
Pozycja Kraj Klub Zawodnik % Poprawnych
PS Argentyna Barcelona Lionel Messi
96%
ŚN Kamerun Barcelona Samuel Eto'o
93%
ŚPD Ghana Chelsea Michael Essien
86%
BR Brazylia Inter Julio Cesar
77%
ŚN Argentyna Atletico Sergio Aguero
77%
ŚO Meksyk Barcelona Rafael Marquez
71%
ŚO Brazylia Bayern Lucio
67%
PO Brazylia Inter Maicon
60%
LS Brazylia Real Madryt / Man City Robinho
60%
ŚPD Argentyna Inter Esteban Cambiasso
49%
LO Brazylia Deportivo Filipe Luis
10%
Nie znaleziono quizów pasujących do podanych kryteriów
Rozkład punktacji
Procent ludzi z każdym wynikiem
Percentyl według liczby udzielonych odpowiedzi
Twoja historia wyników
Nie rozwiązałeś tego quizu